UNIX programmer's reference. / (Record no. 6196)

MARC details
000 -LEADER
fixed length control field 01337cam a2200301 a 4500
001 - CONTROL NUMBER
control field 2455580
005 - DATE AND TIME OF LATEST TRANSACTION
control field 20210414114534.0
008 - FIXED-LENGTH DATA ELEMENTS--GENERAL INFORMATION
fixed length control field 891214s1991 inua 001 0 eng
010 ## - LIBRARY OF CONGRESS CONTROL NUMBER
LC control number 89064231
020 ## - INTERNATIONAL STANDARD BOOK NUMBER
International Standard Book Number 088022536X (pbk.) :
Terms of availability $29.95 ($39.95 Can)
040 ## - CATALOGING SOURCE
Original cataloging agency DLC
Transcribing agency DLC
Modifying agency DLC
050 00 - LIBRARY OF CONGRESS CALL NUMBER
Classification number QA76.76.O63 V355
082 00 - DEWEY DECIMAL CLASSIFICATION NUMBER
Classification number 005.4/3
Edition number 20
100 1# - MAIN ENTRY--PERSONAL NAME
Personal name Valley, John.
245 10 - TITLE STATEMENT
Title UNIX programmer's reference. /
Statement of responsibility, etc. John Valley.
260 ## - PUBLICATION, DISTRIBUTION, ETC.
Place of publication, distribution, etc. Carmel, IN :
Name of publisher, distributor, etc. Que Corp.,
Date of publication, distribution, etc. c1991.
300 ## - PHYSICAL DESCRIPTION
Extent xxxii, 826 p. :
Other physical details ill. ;
Dimensions 24 cm.
490 1# - SERIES STATEMENT
Series statement Programming series
500 ## - GENERAL NOTE
General note Includes index.
505 ## - FORMATTED CONTENTS NOTE
Formatted contents note Contents: Introduction to UNIX system V -- UNIX and Ms-Dos -- UNIX in action -- Program development -- Program maintenance -- Writing a simple filter -- UNIX commands -- Introduction to files and devices -- Ordinary files -- Directories -- Special files and pipes -- Programming serial devices -- Kernel internals -- Signal and IPC -- Writing multi-processing program -- System V release 4 changes.
600 ## - SUBJECT ADDED ENTRY--PERSONAL NAME
Personal name John Valley.
630 00 - SUBJECT ADDED ENTRY--UNIFORM TITLE
Uniform title UNIX (Computer file)
650 #0 - SUBJECT ADDED ENTRY--TOPICAL TERM
Topical term or geographic name entry element Operating systems (Computers)
830 #0 - SERIES ADDED ENTRY--UNIFORM TITLE
Uniform title Programming series (Carmel, Ind.)
906 ## - LOCAL DATA ELEMENT F, LDF (RLIN)
a 7
b cbc
c orignew
d 2
e opcn
f 19
g y-gencatlg
942 ## - ADDED ENTRY ELEMENTS (KOHA)
Source of classification or shelving scheme Library of Congress Classification
Koha item type Books
Holdings
Withdrawn status Lost status Source of classification or shelving scheme Damaged status Not for loan Home library Current library Shelving location Date acquired Total Checkouts Full call number Barcode Date last seen Copy number Price effective from Koha item type
    Library of Congress Classification     WISCONSIN INTERNATIONAL UNIVERSITY COLLEGE, GHANA - MAIN LIBRARY WISCONSIN INTERNATIONAL UNIVERSITY COLLEGE, GHANA - MAIN LIBRARY Reference 20/01/2017   QA76.76.O63 V355 8144/106/16 20/01/2017 1 20/01/2017 Books

If you have any concerns or questions; kindly contact the library


© Powered by WIUC ICT DIRECTORATE